000
00278nam a22001217a 4500
008
181210b xxu||||| |||| 00| 0 eng d
041
_a
eng
080
_a
510
100
_a
35
101
_a
MAT
245
_a
Lectures Ordinary Differential Equations
_c
Hille.E
942
_2
udc
_c
BK
999
_c
53106
_d
53106